Statistics for Official Languages of Africa: Tile Select Quiz

Click here to take the quiz!

General Stats

  • This quiz has been taken 34 times
  • The average score is 107 of 125

Answer Stats

QuestionTileSelect% Correct
with English as an official languageAngolaNo
100%
with English as an official languageBurkina FasoNo
100%
with English as an official languageCape VerdeNo
100%
with English as an official languageDjiboutiNo
100%
with Arabic as an official languageAngolaNo
97%
with French as an official languageAngolaNo
97%
with Arabic as an official languageBurkina FasoNo
97%
with Arabic as an official languageCape VerdeNo
97%
with English as an official languageChadNo
97%
with Portuguese as an official languageChadNo
97%
with English as an official languageComorosNo
97%
with Portuguese as an official languageDjiboutiNo
97%
with Arabic as an official languageD. R. CongoNo
97%
with English as an official languageD. R. CongoNo
97%
with Arabic as an official languageEquatorial GuineaNo
97%
with Arabic as an official languageGambiaNo
97%
with Arabic as an official languageGhanaNo
97%
with English as an official languageGhanaYes
97%
with Portuguese as an official languageGhanaNo
97%
with Arabic as an official languageGuineaNo
97%
with Portuguese as an official languageGuineaNo
97%
with English as an official languageGuinea-BissauNo
97%
with Arabic as an official languageGuinea-BissauNo
97%
with Portuguese as an official languageKenyaNo
97%
with Arabic as an official languageKenyaNo
97%
with Portuguese as an official languageMadagascarNo
97%
with Arabic as an official languageMadagascarNo
97%
with Arabic as an official languageMalawiNo
97%
with Portuguese as an official languageMauritaniaNo
97%
with English as an official languageMauritaniaNo
97%
with Arabic as an official languageMozambiqueNo
97%
with Portuguese as an official languageNamibiaNo
97%
with Arabic as an official languageNamibiaNo
97%
with Portuguese as an official languageNigerNo
97%
with English as an official languageNigerNo
97%
with English as an official languageNigeriaYes
97%
with Arabic as an official languageNigeriaNo
97%
with Portuguese as an official languageNigeriaNo
97%
with Portuguese as an official languageRwandaNo
97%
with Arabic as an official languageRwandaNo
97%
with Portuguese as an official languageSomaliaNo
97%
with Arabic as an official languageSouth AfricaNo
97%
with Portuguese as an official languageSouth AfricaNo
97%
with Portuguese as an official languageSudanNo
97%
with Arabic as an official languageUgandaNo
97%
with Portuguese as an official languageUgandaNo
97%
with Swahili as an official languageAngolaNo
93%
with Portuguese as an official languageBurkina FasoNo
93%
with Swahili as an official languageBurkina FasoNo
93%
with Swahili as an official languageCape VerdeNo
93%
with Swahili as an official languageChadNo
93%
with Portuguese as an official languageComorosNo
93%
with Swahili as an official languageDjiboutiNo
93%
with Portuguese as an official languageD. R. CongoNo
93%
with Swahili as an official languageEquatorial GuineaNo
93%
with Portuguese as an official languageGambiaNo
93%
with Swahili as an official languageGambiaNo
93%
with French as an official languageGambiaNo
93%
with Swahili as an official languageGhanaNo
93%
with Swahili as an official languageGuineaNo
93%
with Swahili as an official languageGuinea-BissauNo
93%
with French as an official languageKenyaNo
93%
with English as an official languageMadagascarNo
93%
with Swahili as an official languageMadagascarNo
93%
with French as an official languageMalawiNo
93%
with Portuguese as an official languageMalawiNo
93%
with Swahili as an official languageMauritaniaNo
93%
with English as an official languageMozambiqueNo
93%
with French as an official languageNamibiaNo
93%
with Swahili as an official languageNamibiaNo
93%
with Swahili as an official languageNigerNo
93%
with French as an official languageNigeriaNo
93%
with Swahili as an official languageNigeriaNo
93%
with French as an official languageSomaliaNo
93%
with French as an official languageSouth AfricaNo
93%
with Swahili as an official languageSudanNo
93%
with French as an official languageCape VerdeNo
90%
with English as an official languageEquatorial GuineaNo
90%
with French as an official languageGhanaNo
90%
with Swahili as an official languageMalawiNo
90%
with English as an official languageSomaliaNo
90%
with Swahili as an official languageSomaliaNo
90%
with English as an official languageSouth AfricaYes
90%
with Swahili as an official languageSouth AfricaNo
90%
with French as an official languageSudanNo
90%
with French as an official languageUgandaNo
90%
with Swahili as an official languageComorosNo
86%
with English as an official languageKenyaYes
86%
with Swahili as an official languageMozambiqueNo
86%
with French as an official languageMozambiqueNo
86%
with Arabic as an official languageNigerNo
86%
with Swahili as an official languageD. R. CongoNo
83%
with French as an official languageD. R. CongoYes
83%
with French as an official languageGuinea-BissauNo
83%
with Arabic as an official languageSudanYes
83%
with Portuguese as an official languageAngolaYes
79%
with English as an official languageGuineaNo
79%
with English as an official languageNamibiaYes
79%
with French as an official languageBurkina FasoYes
76%
with French as an official languageMadagascarYes
76%
with French as an official languageNigerYes
76%
with English as an official languageUgandaYes
76%
with Portuguese as an official languageCape VerdeYes
72%
with French as an official languageDjiboutiYes
72%
with Portuguese as an official languageGuinea-BissauYes
69%
with Swahili as an official languageKenyaYes
69%
with Arabic as an official languageMauritaniaYes
69%
with Portuguese as an official languageMozambiqueYes
69%
with English as an official languageGambiaYes
66%
with English as an official languageMalawiYes
66%
with French as an official languageChadYes
59%
with French as an official languageGuineaYes
59%
with Arabic as an official languageChadYes
55%
with French as an official languageComorosYes
55%
with Arabic as an official languageDjiboutiYes
55%
with French as an official languageMauritaniaNo
55%
with Arabic as an official languageSomaliaYes
55%
with Swahili as an official languageUgandaYes
52%
with French as an official languageRwandaYes
45%
with Arabic as an official languageComorosYes
38%
with Portuguese as an official languageEquatorial GuineaYes
34%
with French as an official languageEquatorial GuineaYes
31%
with English as an official languageRwandaYes
31%
with Swahili as an official languageRwandaYes
24%
with English as an official languageSudanYes
24%

Score Distribution

Percentile by Number Answered

Percent of People with Each Score

Your Score History

You have not taken this quiz